Textbook of Pharmacology, Pathology & Genetics for Nurses - I / (Record no. 1407)

MARC details
000 -LEADER
Fixed length control field 00632nam a2200241Ia 4500
003 - CONTROL NUMBER IDENTIFIER
Control field IIN
005 - DATE AND TIME OF LATEST TRANSACTION
Control field 20250529124210.0
008 - FIXED-LENGTH DATA ELEMENTS--GENERAL INFORMATION
Fixed length control field 231217s2023 xx ad 000 0 eng d
020 ## - INTERNATIONAL STANDARD BOOK NUMBER / ISBN
Price Rs.795.00
International Standard Book Number 9789354655920
040 ## - CATALOGING SOURCE
Original cataloging agency IIN
Language of cataloging English
082 ## - DEWEY DECIMAL CLASSIFICATION NUMBER
Classification number 615.1
Book Number SHA
100 1# - MAIN ENTRY--PERSONAL NAME
Personal name Sharma, Suresh
245 1# - TITLE STATEMENT
Title Textbook of Pharmacology, Pathology & Genetics for Nurses - I /
Statement of responsibility Suresh Sharma
250 ## - EDITION STATEMENT
Edition statement 2nd ed
260 ## - IMPRINT
Place of publication New Delhi :
Name of publisher Jaypee,
Date of publication 2023
300 ## - PHYSICAL DESCRIPTION
Page / Vol. No xxi, 494p.
440 ## - SERIES STATEMENT
Number Vol. 1
500 ## - GENERAL NOTE
General note Includes Index
650 1# - SUBJECT ADDED ENTRY--TOPICAL TERM
Topical term Pharmacology
650 1# - SUBJECT ADDED ENTRY--TOPICAL TERM
Topical term Pathology
650 1# - SUBJECT ADDED ENTRY--TOPICAL TERM
Topical term Genetics
942 ## - ADDED ENTRY ELEMENTS (KOHA)
Koha item type Books
Holdings
Withdrawn status Lost status Source of classification Damaged status Not for loan Collection code Home library Current library Shelving location Date acquired Price Total Checkouts Call number Accession number Date last seen Date checked out Copy number Price effective from Koha item type
    Dewey Decimal Classification       IDEAL INSTITUTE OF NURSING IDEAL INSTITUTE OF NURSING General Stacks 17/12/2023 795.00 1 615.1 SHA 1401 23/12/2023 23/12/2023 1 17/12/2023 Books
    Dewey Decimal Classification       IDEAL INSTITUTE OF NURSING IDEAL INSTITUTE OF NURSING General Stacks 17/12/2023 795.00   615.1 SHA 1402 17/12/2023   2 17/12/2023 Books
    Dewey Decimal Classification       IDEAL INSTITUTE OF NURSING IDEAL INSTITUTE OF NURSING General Stacks 17/12/2023 795.00   615.1 SHA 1403 17/12/2023   3 17/12/2023 Books
    Dewey Decimal Classification     Purches Book IDEAL INSTITUTE OF NURSING IDEAL INSTITUTE OF NURSING General Stacks 11/03/2025 895.00   615.1 SHA 2083 29/05/2025   4 29/05/2025 Books
    Dewey Decimal Classification     Purches Book IDEAL INSTITUTE OF NURSING IDEAL INSTITUTE OF NURSING General Stacks 11/03/2025 895.00   615.1 SHA 2084 29/05/2025   5 29/05/2025 Books
    Dewey Decimal Classification     Purches Book IDEAL INSTITUTE OF NURSING IDEAL INSTITUTE OF NURSING General Stacks 11/03/2025 895.00   615.1 SHA 2085 29/05/2025   6 29/05/2025 Books
© Ideal Institute Of Nursing, All rights reserved.         Powered by Koha